Normal view
MARC view
- Surzycki, Stefan,
Entry Personal Name
001 - CONTROL NUMBER
- control field: 107559
003 - CONTROL NUMBER IDENTIFIER
- control field: NUST
005 - DATE AND TIME OF LATEST TRANSACTION
- control field: 20230124154526.0
008 - FIXED-LENGTH DATA ELEMENTS
- fixed length control field: 230124|| aca||aabn | a|a d
040 ## - CATALOGING SOURCE
- Original cataloging agency: NUST
- Transcribing agency: NUST
100 ## - HEADING--PERSONAL NAME
- Personal name: Surzycki, Stefan,
- Dates associated with a name: 1936-
670 ## - SOURCE DATA FOUND
- Source citation: Work cat.: (NUST)0: Surzycki, Stefan, 1936-, Basic techniques in molecular biology /, c2000.
